True / False, T-72/90 Series Tanks - Statistics

General Stats
  • This quiz has been taken 30 times
  • The average score is 10 of 15
Answer Stats
Question Answer % Correct
The T-72 and T-90 use the carousel type autoloader. This autoloader design loads the shell and propellant separately and ejects the spent propellant stub out of the turret. True
96%
The T-90 platform is essentially a modernized version of the T-72 platform. True
89%
The T-90M utilizes a remote weapons system with a 12.7 mm machine gun (usually of the Kord model) True
86%
The T-72/90 series of tanks do not have a single model that can fire gun-launched anti tank guided missiles. False
79%
The T-72/90 series of tanks utilize a V-12 diesel engine. True
75%
The T-72B3 uses the Kontact-5 model of explosive reactive armor True
75%
Many models of the T-72 are fitted with the shtora model of active protection system. False
71%
The 2a46 125mm cannon (the main armament of the T-72/90 series of tanks) is a smoothbore gun. True
68%
The average main gun projectile velocity (in m/s) of the T-72/90 series of tanks is lower than that of most western tanks. False
64%
Contrary to the T-80 series of tanks, the T-72/90s do not suffer from the “jack-in-the-box” effect (ammunition in the autoloader causes the turret to launch itself into the air when the tank is penetrated). False
64%
The T-72/90 series of tanks seat the driver in between two diesel fuel tanks. True
64%
The T-72/90s have screens on their lower front plates and turret cheeks to deflect dust away from the engine air intakes. False
57%
On the variants of the T-72 that are fitted with UV spotlights, they are located on the left side of the turret True
50%
The T-72/90 series of tanks have 3 periscopes the driver can look out of. False
36%
Contemporary armaments of the T-72/90 include a 125mm main cannon, a 7.92mm coaxial machine gun, and a 12.7mm anti-air/anti-infantry machine gun. False
18%
No matching quizzes found
Score Distribution
Percent of People with Each Score
Percentile by Number Answered
Your Score History
You have not taken this quiz